Understanding Charter Damages The Judicial Evolution of a Charter Remedy /

Bibliographic Details
Main Author: Charles, W.H
Format: eBook
Language:English
Published: Toronto: Irwin Law Inc., 2016
Subjects:
Online Access:Acceso restringido

MARC

LEADER 00000nam a22000007a 4500
005 20210817215422.0
007 cr|||| ||||
008 210817s2016 ca |||||s|||| 00||0 eng d
020 |a 978-1-55221-391-9 
035 |a 34971 
040 |a vLex 
090 |c 12033  |d 12033 
100 1 |a Charles, W.H. 
245 1 0 |a Understanding Charter Damages  |h [Recurso electrn̤ico] :  |b The Judicial Evolution of a Charter Remedy /  |c W.H. Charles 
256 |a Servicio en ln̕ea 
260 |a Toronto:  |b Irwin Law Inc.,  |c 2016 
300 |a 1 recurso electrn̤ico 
506 1 |a Disponible solo en los productos indicados  |d vLex Global  |d vLex Global (Academic Edition, excluding Law Schools)  |d vLex Global (U.S. Academic Edition, Law Schools)  |d vLex Global (U.S. Academic Edition, excluding Law Schools)  |d vLex Global (Academic Edition, Law Schools) 
650 0 4 |a Ciencias sociales  |z Canad̀ 
740 0 |a vLex Libros (Servicio en ln̕ea) 
856 4 0 |u https://app.vlex.com/#/sources/34971  |z Acceso restringido 
942 |c BOOK 
999 0 |a Social Sciences